000 00500pab a2200181 454500
008 180718b2011 xxu||||| |||| 00| 0 eng d
100 _aTimberlake, Jeffrey M.
245 _aTrends in the suburbanization of racial/ethnic groups in U.S. metropolitan areas, 1970 to 2000
260 _c2011
300 _ap.218-255.
362 _aMar
650 _aEthnic groups
700 _aStaight, Amanda J.
700 _aHowell, Aaron J.
773 _aUrban Affairs Review
908 _aN
909 _a92261
999 _c92261
_d92261